Ultimate Philippines Country Quiz - Statistics

General Stats
  • This quiz has been taken 266 times
    155 since last reset
  • The average score is 40 of 73
Answer Stats
Question Answer % Correct
Ako I
84%
Peace Blue
83%
Capital Manila
83%
M Manila
83%
Courage Red
83%
Color of the sun Yellow
83%
Purity White
82%
Main island Luzon
79%
Duterte is a famous person from here Davao City
76%
Hindi No
76%
A type of roasted pig, roasted on a stick that turns over a fire, usually served on special occasions Lechon
75%
Second largest island Mindanao
75%
Ikaw You
75%
A method of cooking pork, usually cooking it in soy sauce and vinegar,the country's national dish Adobo
74%
Salamat Thanks/Thank you
74%
Oo Yes
74%
Lamig Cold
71%
Init Heat
71%
Type of government Republic
71%
This is the national clothing. {Barong} Tagalog
70%
City on an island Cebu City
70%
This dictator ruled the Philippines for 21 years. Ferdinand Marcos
70%
Ulan Rain
70%
This soup is a sour soup, usually included with tamarind. Guavas can be added to make a variation of this, and the meat of choice is usually pork. Sinigang
70%
Bagyo Typhoon
68%
These hills in Bohol look like a sweet treat in the summer, when the grass is brown. Chocolate Hills
67%
This American general eventually returned 3 years after he said that he would. Douglas MacArthur
67%
Largest city Quezon City
67%
Q Quezon City
67%
She was the first female president in all of Asia. Corazon Aquino
65%
One of his poems, "Mi ultimo adios", was translated into many different languages. Jose Rizal
65%
Siya He/She
64%
Long island Palawan
63%
He was the "first" president of the Philippines, and was a leading figure in the fight for independence. Emilio Aguinaldo
62%
The closest country excluding Malaysia Taiwan
62%
This is the closest country to the Philippines on the Asian mainland, excluding Malaysia China
60%
This eagle is also known as the monkey-eating eagle. Philippine eagle
59%
This president was also a corrupt former film star. Joseph Estrada
57%
M Makati
54%
The Philippines celebrates its Independence Day on June 12, 1898, but that was the one from Spain. Guess... When was the independence of the Philippines from America? {July 4}, 1946
53%
P Pasig
53%
C Caloocan
50%
P Pasay
50%
Take a wild guess. What is the official name of the Philippines? Republic of the Philippines
50%
V Valenzuela
50%
T Taguig
49%
L Las Piñas
46%
P Parañaque
46%
Third largest island Samar
46%
M Mandaluyong
44%
M Marikina
44%
N Navotas
44%
"Colored" island Negros
44%
What tribe did Lapu-Lapu lead when he killed Magellan? Mactan
42%
M Malabon
39%
This region is disputed between Malaysia and the Philippines Sabah
39%
This island chain is disputed between 6 countries {Spratly} Islands
39%
The reason why Sabah is claimed by the Philippines is because this sultanate owned it. (Hint: name of a Philippine province) Sulu
39%
These Islamic separatists were causing trouble for about 30 years or so. {Moro} Islamic Liberation Front
38%
M Muntinlupa
38%
P Pateros
38%
S San Juan
35%
Metro Manila is made of sixteen cities and one... Municipality
30%
Update 4 in who knows when... Type "Okay" in exact letters to confirm. Okay
30%
What is the Philippines' second official animal, which is said to have originated there? Water {carabao}
26%
The Philippines has how many islands? (As of now) 7,641
25%
This naval battle named after an island's gulf was the worst naval defeat of Japan.They lost: all of their carriers, 3 battleships, 10 cruisers, and 11 destroyers. Battle of {Leyte Gulf}
24%
They also call this fish "Lapu-lapu". Grouper
17%
Manila is the _______ city in the world by city proper. (At 119,600 people per sq. mi.) Densest
16%
Kamaru is a dish that involves these insects. Crickets
14%
Puerto Princesa in Palawan is famous for what type of river? Subterranean
11%
This island chain is disputed between Vietnam, China and Taiwan, and is close to the Philippines {Paracel} Islands
8%
The Philippines produces the second most... Coconuts
6%
No matching quizzes found
Score Distribution
Percent of People with Each Score
Percentile by Number Answered
Your Score History
You have not taken this quiz since the last reset